| 000 | 00584nam a2200229Ia 4500 | ||
|---|---|---|---|
| 003 | OSt | ||
| 005 | 20250506113159.0 | ||
| 008 | 210423s2002 xx 000 0 und d | ||
| 020 | _a8176483184 | ||
| 040 | _cAL | ||
| 041 | _aeng | ||
| 082 |
_a363.7284 _223 _bKUME |
||
| 100 |
_aArvind Kumar _992729 |
||
| 245 | _aEcology of polluted waters.V2. | ||
| 260 |
_aNew Delhi _bAPH Publications _c2002 |
||
| 300 |
_axiii,665 _bHB |
||
| 365 | _cINR | ||
| 440 | _v2 | ||
| 650 |
_aEnvironmental Problems _992730 |
||
| 906 | _aEcology ; polluted ; waters ; waters.V2. | ||
| 942 |
_2ddc _cBK |
||
| 999 |
_c162673 _d162673 |
||